00810nam a2200193 a 450000100100000000300100001000500170002000800410003702000180007804000220009608200240011810000410014224500930018326000440027630000210032050000690034165100930041065101130050300002877000002877020210504084658.0110412s2010 dr 000 fdspa d a9789945429275 aBPMSUbspacBPMSU 2 a972.93054bV297a1 aVargas Pimentel, Nicolás Américo10aAl borde de la tormenta :bdiario de Santiago en la Guerra de Abril /cNicolás Vargas. aSanto Domingo :bSuma de Letras,c2010. a301 p. ;c24 cm. aIncluye datos del autor en la en la solapa de la contracubierta. 4aRepública Dominicana xHistoria yRevolución, 1965xCorrespondencia, memorias, etc.  4aRepública Dominicana xHistoria yOcupaciión Norteamericana, 1985-1966xCorrespondencia, memorias, etc.